Catálogo

Mercadotecnia / (Registro nro. 70512)

Detalles MARC
000 -LEADER
fixed length control field 01186nam a2200313 i 4500
001 - CONTROL NUMBER
control field 70512
003 - CONTROL NUMBER IDENTIFIER
control field Mx-PuUPA
005 - DATE AND TIME OF LATEST TRANSACTION
control field 20230829073409.0
008 - FIXED-LENGTH DATA ELEMENTS--GENERAL INFORMATION
fixed length control field 230826s2021 mx a gr 000 0 spa d
020 ## - INTERNATIONAL STANDARD BOOK NUMBER
International Standard Book Number 9786075506685
040 ## - CATALOGING SOURCE
Original cataloging agency Mx-PuUPA
Language of cataloging spa
Transcribing agency Mx-PuUPA
Modifying agency Mx-PuUPA
Description conventions rda
041 0# - LANGUAGE CODE
Language code of text/sound track or separate title spa
100 1# - MAIN ENTRY--PERSONAL NAME
Personal name Santesmases Mestre, Miguel,
9 (RLIN) 3273
Relator term autor
245 10 - TITLE STATEMENT
Title Mercadotecnia /
Remainder of title Miguel Santesmases Guzmán, Adriana del Carmen Sánchez Guzmán, Francisco Javier Valderrey Villar
250 ## - EDITION STATEMENT
Edition statement Primera edición
264 #1 - PRODUCTION, PUBLICATION, DISTRIBUTION, MANUFACTURE, AND COPYRIGHT NOTICE
Place of production, publication, distribution, manufacture Ciudad de México :
Name of producer, publisher, distributor, manufacturer Grupo Editorial Patria,
Date of production, publication, distribution, manufacture, or copyright notice ©2021
300 ## - PHYSICAL DESCRIPTION
Extent xviii, 402 páginas :
Other physical details ilustraciones, diagramas, tablas ;
Dimensions 27 cm
336 ## - CONTENT TYPE
Fuente rdacontent
Content type term texto
Content type code txt
337 ## - MEDIA TYPE
Source rdamedia
Media type term sin medio
Media type code n
338 ## - CARRIER TYPE
Source rdacarrier
Carrier type term volumen
Carrier type code nc
650 #7 - SUBJECT ADDED ENTRY--TOPICAL TERM
Source of heading or term armarc
Topical term or geographic name entry element Mercadeo
700 1# - ADDED ENTRY--PERSONAL NAME
Personal name Sánchez Guzmán, Adriana del Carmen,
Relator term autor
700 1# - ADDED ENTRY--PERSONAL NAME
Personal name Valderrey Villar, Francisco Javier,
Relator term autor
942 ## - ADDED ENTRY ELEMENTS (KOHA)
Source of classification or shelving scheme Dewey Decimal Classification
Koha item type Libro
Classification part 658.8
Item part S194
Existencias
Withdrawn status Lost status Source of classification or shelving scheme Damaged status Not for loan Collection code Home library Current library Shelving location Date acquired Source of acquisition Cost, normal purchase price Total Checkouts Full call number Barcode Date last seen Cost, replacement price Price effective from Koha item type
    Dewey Decimal Classification     General Biblioteca Karol Wojtyla Biblioteca Karol Wojtyla Sala general 20/07/2023 1 570.00   658.8 S194 2021 103625 05/01/2026 570.00 20/07/2023 Libro